Leo letreros y senales / (Record no. 29389)

MARC details
000 -LEADER
fixed length control field 01102nam a2200337 a 4500
001 - CONTROL NUMBER
control field 33190299
003 - CONTROL NUMBER IDENTIFIER
control field OCoLC
005 - DATE AND TIME OF LATEST TRANSACTION
control field 20240318205907.0
008 - FIXED-LENGTH DATA ELEMENTS--GENERAL INFORMATION
fixed length control field 950922s1995 nyua j 000 0 spa d
020 ## - INTERNATIONAL STANDARD BOOK NUMBER
International Standard Book Number 0590486586
020 ## - INTERNATIONAL STANDARD BOOK NUMBER
International Standard Book Number 9780590486583
040 ## - CATALOGING SOURCE
Original cataloging agency CDU
Language of cataloging eng
Transcribing agency CDU
Modifying agency YOL
041 1# - LANGUAGE CODE
Language code of text/sound track or separate title spa
Language code of original eng
092 ## - LOCALLY ASSIGNED DEWEY CALL NUMBER (OCLC)
Classification number SP E HOB
100 1# - MAIN ENTRY--PERSONAL NAME
Personal name Hoban, Tana.
240 10 - UNIFORM TITLE
Uniform title <a href="I read signs.">I read signs.</a>
Language of a work Spanish.
245 10 - TITLE STATEMENT
Title Leo letreros y senales /
Statement of responsibility, etc. Tana Hoban.
260 ## - PUBLICATION, DISTRIBUTION, ETC. (IMPRINT)
Place of publication, distribution, etc. New York :
Name of publisher, distributor, etc. Scholastic,
Date of publication, distribution, etc. c1995.
300 ## - PHYSICAL DESCRIPTION
Extent 32 pages :
Other physical details color illustrations ;
Dimensions 21 x 25 cm.
336 ## - CONTENT TYPE
Content type term text
Content type code txt
Source rdacontent.
337 ## - MEDIA TYPE
Media type term unmediated
Media type code n
Source rdamedia.
338 ## - CARRIER TYPE
Carrier type term volume
Carrier type code nc
Source rdacarrier.
500 ## - GENERAL NOTE
General note Between the Lions recommended books.
520 ## - SUMMARY, ETC.
Summary, etc. Introduces signs and symbols frequently seen along the street.
650 #0 - SUBJECT ADDED ENTRY--TOPICAL TERM
Topical term or geographic name as entry element Traffic signs and signals
Form subdivision Juvenile literature.
650 #0 - SUBJECT ADDED ENTRY--TOPICAL TERM
Topical term or geographic name as entry element Street signs
Form subdivision Juvenile literature.
650 #0 - SUBJECT ADDED ENTRY--TOPICAL TERM
Topical term or geographic name as entry element Signs and signboards
Form subdivision Juvenile literature.
650 #0 - SUBJECT ADDED ENTRY--TOPICAL TERM
Topical term or geographic name as entry element Spanish language materials
Form subdivision Juvenile literature.
655 #7 - INDEX TERM--GENRE/FORM
Genre/form data or focus term Picture books.
Source of term lcgft.
942 ## - ADDED ENTRY ELEMENTS (KOHA)
Koha item type Libro/Book
Holdings
Withdrawn status Lost status Damaged status Not for loan Home library Current library Date acquired Inventory number Total Checkouts Full call number Barcode Date last seen Date checked out Price effective from Koha item type
        San Juan Del Sur -- Mobile San antonio del baston 03/03/2024 Inventory date: 1-2-25 2 JAA 33016017 27/06/2024 23/05/2024 03/03/2024 Libro/Book

Powered by Koha